| 000 | 01448nam a2200397 a 4500 | ||
|---|---|---|---|
| 001 | ebr10298252 | ||
| 003 | CaPaEBR | ||
| 006 | m u | ||
| 007 | cr cn||||||||| | ||
| 008 | 091001s2008 caua sb 000 0 eng d | ||
| 010 | _z 2008904129 | ||
| 020 | _z9781569751824 | ||
| 020 | _z9781569756782 | ||
| 020 | _z1569756783 | ||
| 040 |
_aCaPaEBR _cCaPaEBR |
||
| 035 | _a(OCoLC)551889084 | ||
| 050 | 1 | 4 |
_aCB161 _b.K33 2008eb |
| 100 | 1 | _aKaa, Sri Ram. | |
| 245 | 1 | 0 |
_a2012 awakening _h[electronic resource] : _bchoosing spiritual enlightenment over armageddon / _cSri Ram Kaa and Kira Raa. |
| 246 | 3 | _aTwo thousand twelve awakening | |
| 246 | 3 | _aTwenty-twelve awakening | |
| 260 |
_aBerkeley, Calif. : _bUlysses Press, _c2008. |
||
| 300 |
_axiii, 241 p. : _bill. |
||
| 504 | _aIncludes bibliographical references (p. 234-241). | ||
| 533 |
_aElectronic reproduction. _bPalo Alto, Calif. : _cebrary, _d2013. _nAvailable via World Wide Web. _nAccess may be limited to ebrary affiliated libraries. |
||
| 650 | 0 | _aTwo thousand twelve, A.D. | |
| 650 | 0 | _aMaya cosmology. | |
| 650 | 0 | _aProphecies (Occultism) | |
| 650 | 0 | _aEnd of the world. | |
| 650 | 0 | _aEnlightenment. | |
| 650 | 0 | _aSpiritualism. | |
| 655 | 7 |
_aElectronic books. _2local |
|
| 700 | 1 | _aRaa, Kira. | |
| 710 | 2 | _aebrary, Inc. | |
| 856 | 4 | 0 |
_uhttp://site.ebrary.com/lib/rucke/Doc?id=10298252 _zAn electronic book accessible through the World Wide Web; click to view |
| 999 |
_c167103 _d167103 |
||